| 000 | 00468nam a22001337a 4500 | ||
|---|---|---|---|
| 082 |
_a623.690 _bMIN _cD |
||
| 100 |
_aMinistry of Defence _942152 |
||
| 245 |
_aMilitary College : assessment, strengthening, hardening, repair ans demolition of existing structures _cMinistry of Defence |
||
| 260 |
_aMinistry of Defence _bMinistry of Defence _c1992 |
||
| 300 |
_axxii, _bill. _c24 cm. |
||
| 526 |
_a0 _b0 _c0 _d623_690000000000000_MIN |
||
| 650 |
_aD _96527 |
||
| 942 |
_2ddc _cBK |
||
| 999 |
_c546133 _d546133 |
||